| 000 | 00356nam a22001337a 4500 | ||
|---|---|---|---|
| 082 |
_a678.057.74 _bGRA |
||
| 100 | _aGRAF (Hans-Joachim) | ||
| 245 | _aUnderstanding of rubber injection moulding | ||
| 246 | _aRubber industry books box | ||
| 260 |
_aThailand _bTechnoBiz Communications _c2018 |
||
| 300 | _a63p. | ||
| 650 | _aInjection moulding | ||
| 942 | _cBK | ||
| 999 |
_c74774 _d74774 |
||